000 00841nam a22002777a 4500
008 240821b mp ||||| |||| 00| 0 mon d
020 _a978-99929-950-8-4
035 _a7674
040 _aDXO45059
_bmon
_cMN-UlNLM
_dMN-UlNLM
_erda
041 _amon
082 _210-t
_a891.7 3
_bГ- 14
100 _aГайдар А.
245 0 _aЧук Гек хоёр
245 0 _bхүүхдийн зохиолууд
245 0 _cРед. Б. Төгсжаргал
250 _a3
264 _aУБ
_bАртсофт ХХК
_c2017
300 _a94х.
336 _2rdacontent
_atext
_btxt
337 _2rdamedia
_aunmediated
_bn
338 _2rdacarrier
_avolume
_bnc
505 _tчук гек хоёр; гайдар; дүрсгүй ч хоёр бол доо; 0; 0
650 _a11030
942 _210-t
_cBK
999 _c1132946
_d1133003